<?xml version="1.0" encoding="UTF-8"?>
<record
    xmlns:xsi="http://www.w3.org/2001/XMLSchema-instance"
    xsi:schemaLocation="http://www.loc.gov/MARC21/slim http://www.loc.gov/standards/marcxml/schema/MARC21slim.xsd"
    xmlns="http://www.loc.gov/MARC21/slim">

  <leader>00398nam a22001577a 4500</leader>
  <datafield tag="999" ind1=" " ind2=" ">
    <subfield code="c">822</subfield>
    <subfield code="d">822</subfield>
  </datafield>
  <controlfield tag="008">191223b           ||||| |||| 00| 0 eng d</controlfield>
  <datafield tag="041" ind1="0" ind2=" ">
    <subfield code="a">eng</subfield>
  </datafield>
  <datafield tag="082" ind1="0" ind2="0">
    <subfield code="a">621.31042 </subfield>
    <subfield code="b">B611</subfield>
  </datafield>
  <datafield tag="100" ind1=" " ind2=" ">
    <subfield code="9">2809</subfield>
    <subfield code="a">Bimbhra, P. S.</subfield>
  </datafield>
  <datafield tag="245" ind1="1" ind2="0">
    <subfield code="a">Electrical machinery</subfield>
  </datafield>
  <datafield tag="250" ind1=" " ind2=" ">
    <subfield code="a">7th</subfield>
  </datafield>
  <datafield tag="260" ind1=" " ind2=" ">
    <subfield code="a">Khanna Publisher</subfield>
    <subfield code="b">New Delhi</subfield>
    <subfield code="c">2008</subfield>
  </datafield>
  <datafield tag="300" ind1=" " ind2=" ">
    <subfield code="a">xyz</subfield>
  </datafield>
  <datafield tag="650" ind1=" " ind2="0">
    <subfield code="a">Electrical Engineering</subfield>
  </datafield>
  <datafield tag="942" ind1=" " ind2=" ">
    <subfield code="c">BK</subfield>
  </datafield>
  <datafield tag="952" ind1=" " ind2=" ">
    <subfield code="0">0</subfield>
    <subfield code="1">0</subfield>
    <subfield code="2">ddc</subfield>
    <subfield code="4">0</subfield>
    <subfield code="6">621_310420000000000_B611</subfield>
    <subfield code="7">0</subfield>
    <subfield code="9">2973</subfield>
    <subfield code="a">CL</subfield>
    <subfield code="b">CL</subfield>
    <subfield code="d">2012-01-24</subfield>
    <subfield code="e">Jyoti, the Book People</subfield>
    <subfield code="o">621.31042 B611</subfield>
    <subfield code="p">11527</subfield>
    <subfield code="r">2019-12-23</subfield>
    <subfield code="y">BK</subfield>
  </datafield>
  <datafield tag="952" ind1=" " ind2=" ">
    <subfield code="0">0</subfield>
    <subfield code="1">0</subfield>
    <subfield code="2">ddc</subfield>
    <subfield code="4">0</subfield>
    <subfield code="6">621_310420000000000_B611</subfield>
    <subfield code="7">0</subfield>
    <subfield code="9">2974</subfield>
    <subfield code="a">CL</subfield>
    <subfield code="b">CL</subfield>
    <subfield code="d">2012-01-24</subfield>
    <subfield code="e">Jyoti, the Book People</subfield>
    <subfield code="l">4</subfield>
    <subfield code="m">1</subfield>
    <subfield code="o">621.31042 B611</subfield>
    <subfield code="p">11529</subfield>
    <subfield code="r">2025-11-03</subfield>
    <subfield code="s">2025-10-21</subfield>
    <subfield code="y">BK</subfield>
  </datafield>
  <datafield tag="952" ind1=" " ind2=" ">
    <subfield code="0">0</subfield>
    <subfield code="1">0</subfield>
    <subfield code="2">ddc</subfield>
    <subfield code="4">0</subfield>
    <subfield code="6">621_310420000000000_B611</subfield>
    <subfield code="7">0</subfield>
    <subfield code="9">2975</subfield>
    <subfield code="a">CL</subfield>
    <subfield code="b">CL</subfield>
    <subfield code="d">2012-01-24</subfield>
    <subfield code="e">Jyoti, the Book People</subfield>
    <subfield code="o">621.31042 B611</subfield>
    <subfield code="p">11532</subfield>
    <subfield code="r">2019-12-23</subfield>
    <subfield code="y">BK</subfield>
  </datafield>
  <datafield tag="952" ind1=" " ind2=" ">
    <subfield code="0">0</subfield>
    <subfield code="1">0</subfield>
    <subfield code="2">ddc</subfield>
    <subfield code="4">0</subfield>
    <subfield code="6">621_310420000000000_B611</subfield>
    <subfield code="7">0</subfield>
    <subfield code="9">2976</subfield>
    <subfield code="a">CL</subfield>
    <subfield code="b">CL</subfield>
    <subfield code="d">2012-01-24</subfield>
    <subfield code="e">Jyoti, the Book People</subfield>
    <subfield code="o">621.31042 B611</subfield>
    <subfield code="p">11533</subfield>
    <subfield code="r">2019-12-23</subfield>
    <subfield code="y">BK</subfield>
  </datafield>
  <datafield tag="952" ind1=" " ind2=" ">
    <subfield code="0">0</subfield>
    <subfield code="1">0</subfield>
    <subfield code="2">ddc</subfield>
    <subfield code="4">0</subfield>
    <subfield code="6">621_310420000000000_B611</subfield>
    <subfield code="7">0</subfield>
    <subfield code="9">2977</subfield>
    <subfield code="a">CL</subfield>
    <subfield code="b">CL</subfield>
    <subfield code="d">2012-01-24</subfield>
    <subfield code="e">Jyoti, the Book People</subfield>
    <subfield code="o">621.31042 B611</subfield>
    <subfield code="p">11534</subfield>
    <subfield code="r">2019-12-23</subfield>
    <subfield code="y">BK</subfield>
  </datafield>
  <datafield tag="952" ind1=" " ind2=" ">
    <subfield code="0">0</subfield>
    <subfield code="1">0</subfield>
    <subfield code="2">ddc</subfield>
    <subfield code="4">0</subfield>
    <subfield code="6">621_310420000000000_B611</subfield>
    <subfield code="7">0</subfield>
    <subfield code="9">2978</subfield>
    <subfield code="a">CL</subfield>
    <subfield code="b">CL</subfield>
    <subfield code="d">2012-01-24</subfield>
    <subfield code="e">Jyoti, the Book People</subfield>
    <subfield code="o">621.31042 B611</subfield>
    <subfield code="p">11535</subfield>
    <subfield code="r">2019-12-23</subfield>
    <subfield code="y">BK</subfield>
  </datafield>
  <datafield tag="952" ind1=" " ind2=" ">
    <subfield code="0">0</subfield>
    <subfield code="1">0</subfield>
    <subfield code="2">ddc</subfield>
    <subfield code="4">0</subfield>
    <subfield code="6">621_310420000000000_B611</subfield>
    <subfield code="7">0</subfield>
    <subfield code="9">2979</subfield>
    <subfield code="a">CL</subfield>
    <subfield code="b">CL</subfield>
    <subfield code="d">2012-01-24</subfield>
    <subfield code="e">Jyoti, the Book People</subfield>
    <subfield code="l">6</subfield>
    <subfield code="m">4</subfield>
    <subfield code="o">621.31042 B611</subfield>
    <subfield code="p">11536</subfield>
    <subfield code="r">2025-10-13</subfield>
    <subfield code="s">2025-10-06</subfield>
    <subfield code="y">BK</subfield>
  </datafield>
  <datafield tag="952" ind1=" " ind2=" ">
    <subfield code="0">0</subfield>
    <subfield code="1">0</subfield>
    <subfield code="2">ddc</subfield>
    <subfield code="4">0</subfield>
    <subfield code="6">621_310420000000000_B611</subfield>
    <subfield code="7">0</subfield>
    <subfield code="9">2980</subfield>
    <subfield code="a">CL</subfield>
    <subfield code="b">CL</subfield>
    <subfield code="d">2012-01-24</subfield>
    <subfield code="e">Jyoti, the Book People</subfield>
    <subfield code="l">1</subfield>
    <subfield code="o">621.31042 B611</subfield>
    <subfield code="p">11537</subfield>
    <subfield code="r">2022-10-13</subfield>
    <subfield code="s">2022-09-27</subfield>
    <subfield code="y">BK</subfield>
  </datafield>
  <datafield tag="952" ind1=" " ind2=" ">
    <subfield code="0">0</subfield>
    <subfield code="1">0</subfield>
    <subfield code="2">ddc</subfield>
    <subfield code="4">0</subfield>
    <subfield code="6">621_310420000000000_B611</subfield>
    <subfield code="7">0</subfield>
    <subfield code="9">2981</subfield>
    <subfield code="a">CL</subfield>
    <subfield code="b">CL</subfield>
    <subfield code="d">2012-01-24</subfield>
    <subfield code="e">Jyoti, the Book People</subfield>
    <subfield code="o">621.31042 B611</subfield>
    <subfield code="p">11538</subfield>
    <subfield code="r">2019-12-23</subfield>
    <subfield code="y">BK</subfield>
  </datafield>
  <datafield tag="952" ind1=" " ind2=" ">
    <subfield code="0">0</subfield>
    <subfield code="1">0</subfield>
    <subfield code="2">ddc</subfield>
    <subfield code="4">0</subfield>
    <subfield code="6">621_310420000000000_B611</subfield>
    <subfield code="7">0</subfield>
    <subfield code="9">2982</subfield>
    <subfield code="a">CL</subfield>
    <subfield code="b">CL</subfield>
    <subfield code="d">2012-01-24</subfield>
    <subfield code="e">Jyoti, the Book People</subfield>
    <subfield code="l">1</subfield>
    <subfield code="m">2</subfield>
    <subfield code="o">621.31042 B611</subfield>
    <subfield code="p">11539</subfield>
    <subfield code="r">2025-11-27</subfield>
    <subfield code="s">2025-10-22</subfield>
    <subfield code="y">BK</subfield>
  </datafield>
  <datafield tag="952" ind1=" " ind2=" ">
    <subfield code="0">0</subfield>
    <subfield code="1">0</subfield>
    <subfield code="2">ddc</subfield>
    <subfield code="4">0</subfield>
    <subfield code="6">621_310420000000000_B611</subfield>
    <subfield code="7">0</subfield>
    <subfield code="9">2983</subfield>
    <subfield code="a">CL</subfield>
    <subfield code="b">CL</subfield>
    <subfield code="d">2012-01-24</subfield>
    <subfield code="e">Jyoti, the Book People</subfield>
    <subfield code="o">621.31042 B611</subfield>
    <subfield code="p">11540</subfield>
    <subfield code="r">2019-12-23</subfield>
    <subfield code="y">BK</subfield>
  </datafield>
  <datafield tag="952" ind1=" " ind2=" ">
    <subfield code="0">0</subfield>
    <subfield code="1">0</subfield>
    <subfield code="2">ddc</subfield>
    <subfield code="4">0</subfield>
    <subfield code="6">621_310420000000000_B611</subfield>
    <subfield code="7">0</subfield>
    <subfield code="9">2984</subfield>
    <subfield code="a">CL</subfield>
    <subfield code="b">CL</subfield>
    <subfield code="d">2012-01-24</subfield>
    <subfield code="e">Jyoti, the Book People</subfield>
    <subfield code="o">621.31042 B611</subfield>
    <subfield code="p">11541</subfield>
    <subfield code="r">2019-12-23</subfield>
    <subfield code="y">BK</subfield>
  </datafield>
  <datafield tag="952" ind1=" " ind2=" ">
    <subfield code="0">0</subfield>
    <subfield code="1">0</subfield>
    <subfield code="2">ddc</subfield>
    <subfield code="4">0</subfield>
    <subfield code="6">621_310420000000000_B611</subfield>
    <subfield code="7">0</subfield>
    <subfield code="9">2985</subfield>
    <subfield code="a">CL</subfield>
    <subfield code="b">CL</subfield>
    <subfield code="d">2012-01-24</subfield>
    <subfield code="e">Jyoti, the Book People</subfield>
    <subfield code="o">621.31042 B611</subfield>
    <subfield code="p">11542</subfield>
    <subfield code="r">2019-12-23</subfield>
    <subfield code="y">BK</subfield>
  </datafield>
</record>
